Datum a čas kvízu
35
Celkem bodů
Celkový počet nahraných bodů na tomto kvízu bez doplňovacích otázek.
5.
Pořadí na kvízu
Konečné umístění týmu na tomto kvízu.
Zaznamenané odpovědi
| # | Otázka | Odpověď | Body | Výsledky |
|---|---|---|---|---|
| 1. | Více než dvacet tisíc Čechů se... | Black Hawk (UH-60), Čestmír | 1 | |
| 2. | Jak se nazývá malá africká zem... | Lesotho | 1 | |
| 3. | V úterý měl na Netflixu premié... | Meghan (Markle) | 1 | |
| 4. | V letošním ročníku soutěže Vis... | Kytary.cz | 1 | |
| 5. | Minulý týden skončila základní... | 1A 2C 3D 4B | 1 | |
| 6. | Chybou kapitána ztroskotal v b... | u Aljašky | 1 | |
| 7. | V tématu o slavných lodích se... | Carpathia | 0 | |
| 8. | Loď Beagle na své druhé plavbě... | Charles Darwin | 1 | |
| 9. | Válečná loď Vasa ujela celkem... | ve Stockholmu | 1 | |
| 10. | Která z těchto slavných lodí b... | C | 0 |